000 01021cam a2200217 4500
008 000000n1999 000 0 eng u
020 _a1858112273
035 _a(Sirsi) u102927
041 _aeng
050 _a336.271
100 _aHincks, Barry
245 _aVAT for property professionals.
260 _aLondon
_bCLT Professional Publishing
_c1999
300 _ax,180p. ; 24cm.
350 _a48.00
520 _aThe property professional - lawyer, surveyor or developer - must now consider the VAT implications of each action taken very carefully. This new book provides an extremely clear, well-structured reference work that will prove suitable for all levels of experience. It is a clear and concise work striking a common sense balance between the legislation and the practical effect of VAT and property. In addition, it is supported by the Mentor Helpline which can be accessed by the reader if necessary.
650 _aVALUE ADDED TAX
690 _aTAXATION
700 _aGould, Ron
942 _n0
999 _c100078
_d100078